Guatemala: entre derecha y derecha

Salvato in:
Dettagli Bibliografici
Natura: testo
Soggetti:
Tags: Aggiungi Tag
Nessun Tag, puoi essere il primo ad aggiungerne!!

MARC

LEADER 00000 a a2200000 04500
001 41630
003
040
245 |a Guatemala:   |b entre derecha y derecha  
650 |a GUATEMALA  
650 |a ELECCIONES  
650 |a PARTIDOS POLITICOS  
650 |a DERECHA  
650 |a IGLESIA  
650 |a ESTADO  
773 |g volumen14, número134 (1990) Pág. 2  
999 |c 24216  |d 24216